Oliver Twist Character's - Statistics

General Stats
  • This quiz has been taken 158 times
  • The average score is 7 of 28
Answer Stats
Clue Answer % Correct
Runner of the pick pocket gang that Oliver joins in London Fagen
91%
Rescues Oliver from a terrible plot to kill him, this results in her murder Nancy
89%
Prized boy of the Pick Pocket group, wears adults clothing Jack Dawkins (Artful dodger)
79%
Violent Burglar who uses Oliver to raid houses Bill Sikes
59%
Beadle who is in charge of Oliver's affairs at the workhouse Mr Bumble
59%
The vicious dog of the above Bull's-eye
45%
Adopts Oliver and helps him get better from a fever after being falsely accused Mr Brownlow
37%
Apprentices Oliver in his funeral salon and is generally kind to Oliver Mr Sowerberry
25%
A charity boy who bullies Oliver mercilessly over his dead mother Noah Claypole
25%
Former pickpocket who is now a prostitute Bet
23%
Maid who is romantically involved with the above Charlotte
23%
Fall sick but manages to get better miraculously, very beautiful and picture of feminity Rose Maylie
20%
Work partner and friend of above Charlie Bates
17%
The friend of the above who highly doubts that Oliver will return from delivering books (i'll eat my head) Mr Grimwig
15%
The housekeeper that looks after Oliver in Pentonville Mrs Bedwin
14%
Aunt of above Mrs Maylie
13%
The runner of the juvenile workhouse where Oliver is raised, abuses and starves children Mrs Mann
12%
Son of above Harry Maylie
10%
The harsh magistrate who oversees Olivers pickpocketing trial Mr Fang
9%
Pauper who serves as nurse at Oliver's birth (steals locket) Old Sally
9%
Oliver's mother who dies at the Workhouse Agnes Fleming
7%
The matron of the work house where Oliver is born Mrs Corney
7%
Assists Oliver in the Burglary of the Maylie home (not very bright) Toby Crackit
6%
Maylie house ponpous butler Mr Giles
5%
Tends to Oliver when living at the Maylie's Mr Losberne
4%
A cruel chimney sweep whom Oliver almost gets apprenticed to Mr Gamfield
2%
Oliver's father who had an unlawful affair with his mother Mr Leeford
2%
A daft member of the pickpocket gang who served time in prison for pick pocketing Tom Chitling
2%
No matching quizzes found
Score Distribution
Percent of People with Each Score
Percentile by Number Answered
Your Score History
You have not taken this quiz